Länder, die Andorra am nächsten liegen - Statistiken

Allgemein
  • Dieses Quiz wurde 159 mal gespielt
  • Das Durchschnittsergebnis liegt bei 19 aus 20
Antwortstatistiken
km Land % Korrekt
0 Frankreich
100%
0 Spanien
100%
515 Schweiz
99%
718 Deutschland
98%
485 Italien
98%
832 Luxemburg
98%
793 Österreich
98%
821 Belgien
96%
784 Liechtenstein
96%
873 San Marino
95%
867 Marokko
94%
956 Niederlande
94%
880 Vatikanstadt
94%
637 Algerien
93%
637 Portugal
93%
474 Monaco
92%
856 Tunesien
91%
904 Vereinigtes Königreich
88%
996 Slowenien
83%
988 Kroatien
67%
Keine übereinstimmenden Quizze gefunden
Verteilung der Resultate
Anzahl Personen mit jedem Resultat
Perzentil nach korrekt beantworteten Fragen
Ihre Resultats-Entwicklung
Sie haben dieses Quiz noch nicht gespielt